<?xml version="1.0" encoding="UTF-8"?>
<record
    xmlns:xsi="http://www.w3.org/2001/XMLSchema-instance"
    xsi:schemaLocation="http://www.loc.gov/MARC21/slim http://www.loc.gov/standards/marcxml/schema/MARC21slim.xsd"
    xmlns="http://www.loc.gov/MARC21/slim">

  <leader>00572cam a2200205ua 4500</leader>
  <controlfield tag="005">20250909091833.0</controlfield>
  <controlfield tag="008">190319n        ii  |||gr||||Z||||||eng</controlfield>
  <datafield tag="020" ind1=" " ind2=" ">
    <subfield code="a">9789385676475</subfield>
  </datafield>
  <datafield tag="040" ind1=" " ind2=" ">
    <subfield code="c">MAIN</subfield>
  </datafield>
  <datafield tag="041" ind1=" " ind2=" ">
    <subfield code="d">eng</subfield>
  </datafield>
  <datafield tag="082" ind1=" " ind2=" ">
    <subfield code="a">338.9</subfield>
    <subfield code="b">AHU</subfield>
  </datafield>
  <datafield tag="100" ind1=" " ind2=" ">
    <subfield code="a">Ahuja, H L </subfield>
    <subfield code="e">author</subfield>
  </datafield>
  <datafield tag="245" ind1=" " ind2=" ">
    <subfield code="a">Development economics:</subfield>
    <subfield code="b">a critical study of economic growth, development and environment</subfield>
  </datafield>
  <datafield tag="250" ind1=" " ind2=" ">
    <subfield code="a">1st rep.</subfield>
  </datafield>
  <datafield tag="260" ind1=" " ind2=" ">
    <subfield code="a">New Delhi:</subfield>
    <subfield code="b">S chand and company limited,</subfield>
    <subfield code="c">2023.</subfield>
  </datafield>
  <datafield tag="300" ind1=" " ind2=" ">
    <subfield code="a">769p.</subfield>
  </datafield>
  <datafield tag="650" ind1=" " ind2=" ">
    <subfield code="a">Development economics</subfield>
  </datafield>
  <datafield tag="653" ind1=" " ind2=" ">
    <subfield code="a">Production</subfield>
  </datafield>
  <datafield tag="942" ind1=" " ind2=" ">
    <subfield code="c">BK</subfield>
    <subfield code="2">ddc</subfield>
  </datafield>
  <datafield tag="999" ind1=" " ind2=" ">
    <subfield code="c">9567</subfield>
    <subfield code="d">9567</subfield>
  </datafield>
  <datafield tag="952" ind1=" " ind2=" ">
    <subfield code="0">0</subfield>
    <subfield code="1">0</subfield>
    <subfield code="4">0</subfield>
    <subfield code="7">0</subfield>
    <subfield code="a">MAIN</subfield>
    <subfield code="b">MAIN</subfield>
    <subfield code="c">GEN</subfield>
    <subfield code="d">2020-09-19</subfield>
    <subfield code="l">16</subfield>
    <subfield code="o">338.9Development economics | AHU</subfield>
    <subfield code="p">26440</subfield>
    <subfield code="r">2025-02-04 04:02:03</subfield>
    <subfield code="s">2025-01-24</subfield>
    <subfield code="t">1</subfield>
    <subfield code="w">2020-09-19</subfield>
    <subfield code="y">BK</subfield>
  </datafield>
  <datafield tag="952" ind1=" " ind2=" ">
    <subfield code="0">0</subfield>
    <subfield code="1">0</subfield>
    <subfield code="2">ddc</subfield>
    <subfield code="4">0</subfield>
    <subfield code="7">0</subfield>
    <subfield code="8">ECO</subfield>
    <subfield code="a">MAIN</subfield>
    <subfield code="b">MAIN</subfield>
    <subfield code="c">GEN</subfield>
    <subfield code="d">2021-12-20</subfield>
    <subfield code="g">575.00</subfield>
    <subfield code="l">17</subfield>
    <subfield code="o">338.9</subfield>
    <subfield code="p">26439</subfield>
    <subfield code="r">2025-11-06 05:45:15</subfield>
    <subfield code="s">2025-10-15</subfield>
    <subfield code="t">2</subfield>
    <subfield code="w">2021-12-20</subfield>
    <subfield code="y">BK</subfield>
  </datafield>
  <datafield tag="952" ind1=" " ind2=" ">
    <subfield code="0">0</subfield>
    <subfield code="1">0</subfield>
    <subfield code="2">ddc</subfield>
    <subfield code="4">0</subfield>
    <subfield code="7">0</subfield>
    <subfield code="8">ECO</subfield>
    <subfield code="a">MAIN</subfield>
    <subfield code="b">MAIN</subfield>
    <subfield code="c">GEN</subfield>
    <subfield code="d">2025-09-09</subfield>
    <subfield code="g">725.00</subfield>
    <subfield code="l">2</subfield>
    <subfield code="o">338.9 AHU</subfield>
    <subfield code="p">30918</subfield>
    <subfield code="r">2025-10-15 07:35:08</subfield>
    <subfield code="s">2025-10-10</subfield>
    <subfield code="t">3</subfield>
    <subfield code="w">2025-09-09</subfield>
    <subfield code="y">BK</subfield>
  </datafield>
  <datafield tag="952" ind1=" " ind2=" ">
    <subfield code="0">0</subfield>
    <subfield code="1">0</subfield>
    <subfield code="2">ddc</subfield>
    <subfield code="4">0</subfield>
    <subfield code="7">0</subfield>
    <subfield code="8">ECO</subfield>
    <subfield code="a">MAIN</subfield>
    <subfield code="b">MAIN</subfield>
    <subfield code="c">GEN</subfield>
    <subfield code="d">2025-09-09</subfield>
    <subfield code="g">725.00</subfield>
    <subfield code="l">1</subfield>
    <subfield code="o">338.9 AHU</subfield>
    <subfield code="p">30919</subfield>
    <subfield code="r">2025-09-27 07:56:10</subfield>
    <subfield code="s">2025-09-10</subfield>
    <subfield code="t">4</subfield>
    <subfield code="w">2025-09-09</subfield>
    <subfield code="y">BK</subfield>
  </datafield>
  <datafield tag="952" ind1=" " ind2=" ">
    <subfield code="0">0</subfield>
    <subfield code="1">0</subfield>
    <subfield code="2">ddc</subfield>
    <subfield code="4">0</subfield>
    <subfield code="7">0</subfield>
    <subfield code="8">ECO</subfield>
    <subfield code="a">MAIN</subfield>
    <subfield code="b">MAIN</subfield>
    <subfield code="c">GEN</subfield>
    <subfield code="d">2025-09-09</subfield>
    <subfield code="g">725.00</subfield>
    <subfield code="l">1</subfield>
    <subfield code="o">338.9 AHU</subfield>
    <subfield code="p">30920</subfield>
    <subfield code="r">2025-09-24 12:16:10</subfield>
    <subfield code="s">2025-09-10</subfield>
    <subfield code="t">5</subfield>
    <subfield code="w">2025-09-09</subfield>
    <subfield code="y">BK</subfield>
  </datafield>
</record>
